Statistics for Top 10 Queens Park Rangers Premier League Appearances

Click here to take the quiz!

General Stats

  • This quiz has been taken 17 times
  • The average score is 5 of 10

Answer Stats

PlayerApps% Correct
Les Ferdinand110
100%
Trevor Sinclair102
83%
Ray Wilkins81
58%
Andy Impey142
50%
David Bardsley133
42%
Clive Wilson119
33%
Ian Holloway107
33%
Simon Barker131
33%
Alan McDonald116
25%
Steve Yates81
17%

Score Distribution

Percentile by Number Answered

Percent of People with Each Score

Your Score History

You have not taken this quiz